| Tag |
First Indicator |
Second Indicator |
Subfields |
| LEADER |
00000nam a2200000 i 4500 |
| 001 |
in00005680845 |
| 005 |
20260205203557.4 |
| 006 |
m o d |
| 007 |
cr |n||||||||| |
| 008 |
200408t20182008flua ob 001 0 eng d |
| 040 |
|
|
|a SFB
|b eng
|e rda
|c SFB
|d OCLCO
|d OCLCQ
|
| 020 |
|
|
|a 9780429125157
|q (electronic bk.)
|
| 020 |
|
|
|a 0429125151
|q (electronic bk.)
|
| 020 |
|
|
|z 1138413445
|
| 020 |
|
|
|z 9781138413443
|
| 035 |
|
|
|a (OCoLC)1503855148
|
| 082 |
0 |
4 |
|a 004.33
|2 23
|
| 049 |
|
|
|a TXAM
|
| 100 |
1 |
|
|a Fowler, Kim R.,
|d 1956-
|e author.
|1 https://id.oclc.org/worldcat/entity/E39PCjFQHMcGYcWXVBbVd4x343
|
| 245 |
1 |
0 |
|a What every engineer should know about developing real-time embedded products /
|c Kim R. Fowler.
|
| 264 |
|
1 |
|a Boca Raton, FL :
|b CRC Press,
|c 2018.
|
| 264 |
|
4 |
|c ©2008
|
| 300 |
|
|
|a 1 online resource (xxv, 467 pages :
|b illustrations.)
|
| 336 |
|
|
|a text
|b txt
|2 rdacontent
|
| 337 |
|
|
|a computer
|b c
|2 rdamedia
|
| 338 |
|
|
|a online resource
|b cr
|2 rdacarrier
|
| 490 |
1 |
|
|a What every engineer should know ;
|v 41
|
| 504 |
|
|
|a Includes bibliographical references and index.
|
| 588 |
|
|
|a Description based on print version record.
|
| 650 |
|
0 |
|a Embedded computer systems
|x Design and construction.
|
| 650 |
|
0 |
|a Real-time data processing.
|
| 650 |
|
0 |
|a Electronic apparatus and appliances
|x Design and construction.
|
| 650 |
|
6 |
|a Temps réel (Informatique)
|
| 650 |
|
6 |
|a Appareils électroniques
|x Conception et construction.
|
| 655 |
|
7 |
|a Electronic books.
|2 local
|
| 710 |
2 |
|
|a Taylor & Francis.
|
| 776 |
0 |
8 |
|c Original
|z 1138413445
|z 9781138413443
|
| 830 |
|
0 |
|a What every engineer should know ;
|v v. 41.
|
| 856 |
4 |
0 |
|u http://proxy.library.tamu.edu/login?url=https://www.taylorfrancis.com/books/9780429125157
|z Connect to the full text of this electronic book
|t 0
|
| 936 |
|
|
|a BATCHLOAD
|
| 955 |
|
|
|a Taylor and Francis ENGnetBASE
|
| 994 |
|
|
|a 92
|b TXA
|
| 999 |
f |
f |
|i fd9fb364-6583-4e83-8cb7-a273074125d8
|s 3f03dcd0-654a-49d3-9bb9-00959eb1fdfb
|t 0
|
| 952 |
f |
f |
|a Texas A&M University
|b College Station
|c Electronic Resources
|s www_evans
|d Available Online
|t 0
|h Library of Congress classification
|
| 998 |
f |
f |
|t 0
|l Available Online
|